000 00539nam a2200217Ia 4500
003 OSt
005 20220928144504.0
006 a|||||r|||| 00| 0
007 ta
008 220927b |||||||| |||| 00| 0 eng d
024 _a71065
037 _cTextual
040 _aSDCL
_cSDCL
_beng
041 _2eng
_aeng
082 _aS, L7
100 _aAbelson Raziel
_9507826
245 0 _aPersons
_b A study in Philosophical Psychology.
260 _c1977
942 _hS, L7
_cTEXL
_2CC
999 _c827345
_d827345